Sports Quiz

Random Sports Quiz

06-07 Indiana Hoosiers Quiz Stats

 Plays Quiz not verified by Sporcle

Support Sporcle.
Go Orange.
Score 0/13 Timer 10:00
0 Plays Today
% Correct
D.J. White
94.3%
Mike White
88.5%
Roderick Wilmont
47.1%
Lance Stemler
44.8%
A.J. Ratliff
43.7%
Armon Bassett
42.5%
Earl Calloway
42.5%
Errek Suhr
36.8%
Kyle Taber
29.9%
Adam Ahlfeld
21.8%
Ben Allen
20.7%
Xavier Keeling
19.5%
Joey Shaw
19.5%

You're not logged in!

Compare scores with friends on all Sporcle quizzes.
OR
Log In

From the Vault

US States by Nickname

by kbednar2

We're probably just a few years away from sponsored nicknames like: Delaware, the Home Depot State.
Remove Ads.
Support Sporcle.
Get the best of Sporcle when you Go Orange. This ad-free experience offers more features, more stats, and more fun while also helping to support Sporcle. Thank you for becoming a member.

Show Comments

Extras

Created Mar 10, 2011ReportNominate
Tags:Indiana

Top Quizzes Today


Score Distribution

Your Account Isn't Verified!

In order to create a playlist on Sporcle, you need to verify the email address you used during registration. Go to your Sporcle Settings to finish the process.

Report this User

Report this user for behavior that violates our Community Guidelines.

Details: